00546nam a2200193 a 4500001001300000003000900013005001700022008004100039020002300080082001700103100002000120245006200140260005300202300001000255500003500265505001300300650001900313700002000332nice12345678IN_TiNIC20260116014957.0130523s1999 nasa grp 000 0 eng  a9780805418347c25000a248.483bRIC aRichard, Ramesh aMending Your Soulb The Spiritual Path to Inner Wholeness aNashvillebBroadman and Holman Publishers c1999 a154p  aincludes index and biblioraphy2 aEndnotes aSpiritual Life1 aRichard, Ramesh